Zona de riesgo = Gongdong gyeongbi guyeok JSA /

Las dos Coreas se ven separadas por un área de seguridad común, y precisamente en ese radio geográfico se encuentra el cadáver de dos soldados norcoreanos, asesinados supuestamente por un soldado surcoreano. Previo a comenzar un conflicto bélico por este incidente, interviene el servicio de intelige...

Полное описание

Сохранить в:
Библиографические подробности
Главный автор: Park, Chan-wook (realización)
Другие авторы: Jeon, Seong-san (guión) (guión), Kim, Sung-Bok (fotógrafo) (fotógrafo), Kim, Sang-beom (montaje) (montaje), Bang, Jun-seok (música) (música), Jo, Yeong-wook (música) (música), Lee, Yeong-ae (actuación) (actuación), Lee, Byung-hun (actuación) (actuación), Song, Kang-ho (actuación) (actuación)
Формат: Перемещать
Серии:(Cinema Xtreme. Asian Series)
Предметы:
Метки: Добавить метку
Нет меток, Требуется 1-ая метка записи!

MARC

LEADER 00000ngm^a2200000^a^4500
001 000297256
005 20250521000000.0
009 20260310112333.702
037 |a Acervo ITESO - Biblioteca 
041 |a OTR 
082 |a 895. 7  |b PAR 
100 |a Park, Chan-wook  |e (realización) 
240 1 1 |a [Zona de riesgo] 
245 1 0 |a Zona de riesgo =  |b Gongdong gyeongbi guyeok JSA /  |c Realización de C.W. Park. 
264 2 |a México :  |b Quality Films [distribución],  |c 2007, c2007 
300 |a 1 DVD regiones 1 y 4 (109 min.) :  |b color 
336 |a imagen móvil bidimensional  |b tdi  |2 rdacontenido 
337 |a video  |b v  |2 rdamedio 
338 |a videodisco  |b vd  |2 rdasoporte 
440 1 |a (Cinema Xtreme.  |p Asian Series) 
500 |a Basado en: DMZ, de Park Sang-yeon 
520 |a Las dos Coreas se ven separadas por un área de seguridad común, y precisamente en ese radio geográfico se encuentra el cadáver de dos soldados norcoreanos, asesinados supuestamente por un soldado surcoreano. Previo a comenzar un conflicto bélico por este incidente, interviene el servicio de inteligencia militar suizo representada por una oficial, quien tendrá la misión de desentrañar los móviles y culpables del crimen para evitar el desenlace bélico. Tercer largometraje dirigido por el cineasta surcoreano Park Chan-wook. 
546 |a En coreano, con subtítulos opcionales: español 
649 |a XX 
650 |a Militares en el Cine 
650 |a Militares Coreanos -  |x Condiciones Políticas 
650 |a Fuerzas Armadas en el Cine 
650 |a Fuerzas Armadas -  |z Corea del Norte -  |x Condiciones Políticas 
650 |a Fuerzas Armadas -  |z Corea del Sur -  |x Condiciones Políticas 
650 |a Mujeres en el Cine 
650 |a Películas de Suspenso y Terror 
650 |a Cine Social y Político 
650 |a Dramas Cinematográficos 
650 |a Cine Coreano -  |y 2000-2009 
650 |a Cine Coreano -  |y Siglo XXI 
650 |a Novela Coreana -  |x Adaptaciones para Cine 
650 |a Literatura Coreana -  |y Siglo XX -  |x Adaptaciones para Cine 
650 |a Literatura y Cine 
650 |a Amistad 
650 |a Culpa -  |x Tema Principal 
650 |a Asesinato 
650 |a Delitos Militares 
650 |a Investigación del Delito 
650 |a Conflictos Internacionales -  |z Corea del Norte-Corea del Sur 
650 |a Seguridad Internacional 
650 |a Política Internacional 
650 |a Fronteras Geopolíticas -  |z Corea del Norte-Corea del Sur -  |x Tema Principal 
650 |a Política -  |z Corea del Norte -  |x Historia -  |y Siglo XX 
650 |a Política -  |z Corea del Sur -  |x Historia -  |y Siglo XX 
650 |a Política -  |z Corea -  |x Historia -  |y 1948 en Adelante -  |x Tema Principal 
650 |a Política -  |z Corea -  |x Historia -  |y Siglo XX 
700 |a Jeon, Seong-san  |e (guión) 
700 |a Kim, Sung-Bok  |e (fotógrafo) 
700 |a Kim, Sang-beom  |e (montaje) 
700 |a Bang, Jun-seok  |e (música) 
700 |a Jo, Yeong-wook  |e (música) 
700 |a Lee, Yeong-ae  |e (actuación) 
700 |a Lee, Byung-hun  |e (actuación) 
700 |a Song, Kang-ho  |e (actuación) 
910 |a Fondo General 
920 |a Audiovisuales - DVDs 
940 |a Películas 
905 |a 302 
901 |a 0500093800  |b IT2  |c DVS  |i C116034  |u 20250521 
902 |a https://opac.biblio.iteso.mx/vufind/Record/000297256